| 000 | 00699 a2200193 4500 | ||
|---|---|---|---|
| 999 |
_c4512 _d4512 |
||
| 010 | _aENG-86380 | ||
| 020 |
_a8171885373 _c795.00 |
||
| 035 | _aEN-69913 | ||
| 037 | _bDBAD / PUB | ||
| 082 | 1 | 4 | _a347.012 |
| 245 | 1 |
_aJudicial reforms in India : _ced. by Arnab Kumar Hazra [and] Bibek Debroy _bissues and aspects / |
|
| 260 |
_aNew Delhi _bAcademic Foundation _c2007 |
||
| 270 |
_a4772-73/23 Bharat Ram Road, (23 Ansari Road), Darya Ganj, _bNew Delhi _cNew Delhi _e110 002 _k23245001 _l91-11-23245005 _macademic@vsnl.com |
||
| 300 |
_a330p. _c22cm (Hb) |
||
| 500 | _aIncludes index | ||
| 700 | _aHazra, Arnab Kumar | ||
| 700 | _aDebroy, Bibek | ||
| 942 |
_adpl _cEN _2ddc _h347.012 _mJUD |
||